Test de rapidité - Tapez le plus vite possible sur clavier #1 - Statistiques

Statistiques générales
  • Ce quiz a été pris 832 fois
    831 depuis la dernière actualisation
  • Le résultat moyen est 77 sur 200
Statistiques - réponses
Réponses % Correct
P
100%
O
99%
P
97%
O
96%
P
95%
O
93%
P
93%
O
92%
P
92%
O
91%
P
91%
O
90%
O
87%
P
87%
P
87%
O
86%
O
86%
P
86%
O
85%
P
85%
O
84%
O
84%
P
84%
P
84%
P
82%
O
80%
O
80%
P
80%
P
80%
O
79%
O
79%
P
79%
P
79%
O
78%
O
78%
P
78%
P
76%
O
75%
P
75%
O
74%
P
74%
O
73%
P
73%
O
72%
O
72%
O
72%
P
72%
P
72%
P
72%
O
70%
P
70%
O
69%
O
67%
P
67%
O
66%
P
66%
O
64%
O
64%
P
64%
P
64%
O
63%
O
63%
P
63%
P
63%
P
63%
O
61%
O
61%
P
61%
P
61%
O
59%
P
59%
O
58%
P
57%
O
55%
P
55%
O
53%
P
52%
O
50%
P
50%
O
49%
P
49%
O
48%
O
47%
P
47%
P
45%
O
43%
O
41%
P
41%
O
40%
O
40%
P
40%
P
40%
O
39%
P
39%
P
37%
O
36%
P
36%
O
35%
O
34%
P
34%
P
34%
O
32%
O
30%
P
30%
P
30%
O
29%
O
29%
P
29%
P
27%
O
26%
P
25%
O
24%
O
24%
P
24%
P
23%
O
22%
O
22%
P
22%
P
21%
O
20%
P
18%
O
17%
O
16%
P
16%
P
16%
O
14%
O
14%
P
14%
O
13%
P
13%
P
13%
O
12%
O
12%
P
12%
O
11%
P
11%
O
10%
P
10%
P
10%
O
9%
P
8%
O
7%
O
7%
P
7%
O
6%
O
6%
P
6%
P
6%
P
6%
O
5%
O
5%
P
5%
P
5%
O
4%
O
3%
O
3%
O
3%
P
3%
P
3%
P
3%
P
3%
O
2%
O
2%
O
2%
O
2%
O
2%
O
2%
O
2%
O
2%
O
2%
O
2%
P
2%
P
2%
P
2%
P
2%
P
2%
P
2%
P
2%
P
2%
P
2%
O
1%
O
1%
O
1%
O
1%
O
1%
O
1%
O
1%
O
1%
O
1%
P
1%
P
1%
P
1%
P
1%
P
1%
P
1%
P
1%
P
1%
P
1%
O
0%
P
0%
Aucun quiz correspondant
Distribution des résultats
% des personnes avec chaque résultat
Percentile par nombre de réponses
Votre historique - résultats
Vous n’avez pas pris ce quiz depuis la dernière actualisation